| 000 | 00401nam a2200157 i 4500 | ||
|---|---|---|---|
| 001 | bg | ||
| 100 | 1 | _aWERTHEIM, G. K. | |
| 245 | 0 |
_aElektronnaja struktura tocecnych detektov / _cG.K. Wertheim, A. Hausmann, B. Sander. |
|
| 260 |
_aMoskwa, _c1977. |
||
| 700 | 1 | _aHAUSMANN, A. | |
| 700 | 1 | _aSANDER, B. | |
| 040 | _cBPK | ||
| 041 | _apol | ||
| 942 | _cKS | ||
| 008 | s pl f |000 0 pol | ||
| 999 |
_c27866 _d27866 |
||
| 856 |
_uhttp://koha.tu.koszalin.pl/cgi-bin/koha/opac-detail.pl?biblionumber=27866 _yKatalog online BPK |
||